Влияние структуры гемоглобина на взаимодействие с миллиметровыми волнами при 110К; Применение миллиметрового излучения низкой интенсивности в биологии и медицине

Бібліографічні деталі
Parent link:Применение миллиметрового излучения низкой интенсивности в биологии и медицине.— 1985.— С. 117-126
Інші автори: Диденко Н. П. Нина Павловна, Гарапацкий А. А. Александр Александрович, Горбунов В. В., Зеленцов В. И., Чуприкова Е. М.
Резюме:В фонде НТБ ТПУ отсутствует
Мова:Російська
Опубліковано: 1985
Предмети:
Формат: Частина з книги
KOHA link:https://koha.lib.tpu.ru/cgi-bin/koha/opac-detail.pl?biblionumber=601500

MARC

LEADER 00000naa0a2200000 4500
001 601500
005 20250828165144.0
035 |a (RuTPU)RU\TPU\tpu\26347 
090 |a 601500 
100 |a 20141215d1985 k y0rusy50 ca 
101 0 |a rus 
102 |a RU 
200 1 |a Влияние структуры гемоглобина на взаимодействие с миллиметровыми волнами при 110К  |f Н. П. Диденко [и др.] 
333 |a В фонде НТБ ТПУ отсутствует 
463 1 |t Применение миллиметрового излучения низкой интенсивности в биологии и медицине  |o [сборник статей]  |v С. 117-126  |d 1985 
610 1 |a труды учёных ТПУ 
701 1 |a Диденко  |b Н. П.  |c российский ученый, электрофизик  |c профессор кафедры промышленной и медицинской электроники Томского политехнического университета  |f 1936-  |g Нина Павловна  |3 (RuTPU)RU\TPU\pers\19780  |9 7718 
701 1 |a Гарапацкий  |b А. А.  |c физик, специалист в области ядерных технологий  |c ведущий инженер Томского политехнического университета  |f 1957-  |g Александр Александрович  |3 (RuTPU)RU\TPU\pers\30127  |9 14533 
701 1 |a Горбунов  |b В. В. 
701 1 |a Зеленцов  |b В. И. 
701 1 |a Чуприкова  |b Е. М. 
801 1 |a RU  |b 63413507  |c 20141215 
942 |c BK